| 000 | 01608nam a22003377a 4500 | ||
|---|---|---|---|
| 003 | OSt | ||
| 005 | 20260601160302.0 | ||
| 008 | 260601b |||||||| |||| 00| 0 eng d | ||
| 040 |
_aFoundation University Library _beng _cFoundation University Library _erda |
||
| 050 |
_aGS (DocEd-Dis) LG 221 D35 G73 _bA6 E38 A36 1995 C36 |
||
| 100 |
_aCanoy, Heracelia S., _eauthor _95777 |
||
| 245 |
_aAn assessment of manpower status of the banking industry in Dumaguete City : _ba basis for enrichment of the business education program / _cby Heracelia S. Canoy. |
||
| 260 |
_aDumaguete City : _bFoundation University, _c1995. |
||
| 264 | _41995. | ||
| 300 |
_aiv, 84 leaves : _billustrations ; _c28 cm _3dissertation _fleaves |
||
| 336 |
_3rdacontent _atext _btxt |
||
| 337 |
_3rdamedia _aunmediated _bn |
||
| 338 |
_3GS-DocEd-Diss _avolume _bnc _2rdacarrier |
||
| 490 | _aGS-DocEd-Diss | ||
| 502 | _aGraduate dissertation (Doctor of Education) -- Foundation University, 1995. | ||
| 504 | _aIncludes bibliographical references and appendices. | ||
| 650 |
_aBank employees _zPhilippines. _916927 |
||
| 650 |
_aBanks and banking _xPersonnel management. _916928 |
||
| 650 |
_aManpower planning. _916929 |
||
| 650 |
_aBusiness education _zPhilippines. _913759 |
||
| 650 |
_aSchool-business relationships. _916930 |
||
| 650 | _aPersonnel management. | ||
| 658 |
_aDissertation Writing 2 : _bIndustrial Engineering, Bachelor of Science in ; _cEDD 101 . |
||
| 900 | 0 | _4Sapalaran, James O., cataloger | |
| 942 |
_2lcc _cDS _n0 _hLG 221 D35 G73 _iA6 E38 A36 1995 C36 _kGS (DocEd-Dis) |
||
| 999 |
_c6208 _d6208 |
||